| 000 | 00732nam a2200193 a 4500 | ||
|---|---|---|---|
| 008 | 120416s1997 ||||||||||||||||| || u | ||
| 020 | _a1856042200 | ||
| 050 | _aZ 711.3 Ste | ||
| 100 | _aHornby, Susan | ||
| 245 | 1 | 0 | _aSimple statistics for library and information professionals |
| 250 | _a2nd. ed. | ||
| 260 |
_aLondon _bLibrary Association Publishing _c1997 |
||
| 300 | _a229 p.: ill. | ||
| 350 | _a0.00 | ||
| 500 | _aPrevious ed.: 1995. -Includes bibliographical references (p. 225-226) and index. | ||
| 650 | _aLIBRARY STATISTICS | ||
| 700 | _aStephen, Peter | ||
| 995 |
_D0.00 _FCBU-MAIN LIBRARY (Kitwe) _H1 _I330.00 _M1 _UAVAILABLE _ZAnnex Low-Usage Collection |
||
| 999 |
_c57476 _d57476 |
||